Nazionali con la migliore Differenza reti agli Europei - Statistics

Statistiche generali
  • Questo quiz è stato fatto 9 volte
  • Il punteggio medio è 9 su 10
Statistiche sulle risposte
Differenza reti Nazione % Corretto
+3 Belgio
100%
+20 Francia
100%
+30 Germania
100%
+16 Inghilterra
100%
+19 Italia
100%
+27 Paesi Bassi
100%
+20 Portogallo
100%
+37 Spagna
100%
+2 Svezia
78%
+1 Galles
67%
Nessun quiz corrispondente trovato
Distribuzione punteggi
Percentuale di utenti per punteggio
Percentile per numero di risposta
I tuoi punteggi nel tempo
Non hai fatto questo quiz